000
00327nam a2200133Ia 4500
008
240624s9999 xx 000 0 und d
041
_a
eng
082
_a
332.4 CAS
100
_a
CASTAGNA ANTONIO
245
_a
FX OPTIONS AND SMILE RISK
260
_c
2010
_a
Chichester
_b
John Wiley & Sons
300
_a
304 : p.
365
_c
_b
27
999
_c
15429
_d
15429